00780nam a2200193 a 4500003000700000005001700007008004100024040003300065041000800098050002200106110006400128245020000192260004100392300003300433336002800466337003000494338002700524650003500551CBULib20231117084858.0120823s2011 ||||||||||||||||| || u aCBULibbEnglishcCBULiberda aeng aUNCTAD(02)2011/10 aUnited Nations Conference on Trade and Development (UNCTAD)10aReflections on a future trade facilitation agreement: implementation of WTO obligations: a comparison of existing WTO provisionsc/ by United Nations Conference on Trade and Development (UNCTAD) aNew York : bUnited Nations, c2011. avi, 55 pages : illustrations 2rdacontentaText |btxt 2rdamediaaUnmediated |bn 2rdacarrieraVolumebnc aINTERNATIONAL TRADE AGREEMENTS